00396 a2200157 450000500170000001000230001702000250004003500130006503700090007808200060008710000250009324500440011826000390016227000140020130000230021520240903160816.0 aB-760161 Ch-En a9788194926597c80.00 aB-760161 bGift aS aLakshmi.M , Karthika aSo Shall You Reap/cKarthika Lakshmi. M aNew DelhibA CBT Publicationc2021 aNew Delhi a119 p.c22 cm(Pb)